[Event "CRI-chT"]
[Site "San Jose"]
[Date "2012.07.28"]
[Round "8.2"]
[White "Hernandez Basante, Francisco"]
[Black "Castillo Trujillo, Ivan"]
[Result "1/2-1/2"]
[WhiteElo "2235"]
[BlackElo "2057"]
[PlyCount "64"]
[EventDate "2012.07.22"]
[EventType "team-tourn"]
[EventRounds "9"]
[EventCountry "CRI"]
[SourceTitle "EXT 2013"]
[Source "ChessBase"]
[SourceDate "2012.11.22"]
[SourceVersion "1"]
[SourceVersionDate "2012.11.22"]
[SourceQuality "1"]
[WhiteTeam "MegaSuper"]
[BlackTeam "Santa Barbara"]
[WhiteTeamCountry "CRI"]
[BlackTeamCountry "CRI"]

1. d4 e6 2. Nf3 d5 3. e3 Nf6 4. Bd3 c5 5. b3 Nc6 6. 0-0 Bd6 7. Bb2 Qe7 8. Ne5 cxd4 9. exd4 0-0 10. a3 Nd7 11. Re1 Bxe5 12. dxe5 Qg5 13. g3 Nc5 14. Bf1 a5 15. Nd2 Bd7 16. Nf3 Qe7 17. Nd4 Nxd4 18. Qxd4 Rfc8 19. f4 Na6 20. Bd3 Qc5 21. g4 Qxd4+ 22. Bxd4 Nc5 23. Bxc5 Rxc5 24. b4 Rc3 25. Reb1 a4 26. b5 b6 27. Rb4 Ra5 28. Kf2 g6 29. Ke2 Rc5 30. Rab1 Rc3 31. Ra1 Rc5 32. Rab1 Rc3 1/2-1/2

[Event "CRI-chT"]
[Site "San Jose"]
[Date "2012.07.26"]
[Round "5.5"]
[White "Hernandez Basante, Francisco"]
[Black "Rodriguez, Adrian"]
[Result "1-0"]
[WhiteElo "2235"]
[BlackElo "2151"]
[PlyCount "33"]
[EventDate "2012.07.22"]
[EventType "team-tourn"]
[EventRounds "9"]
[EventCountry "CRI"]
[SourceTitle "EXT 2013"]
[Source "ChessBase"]
[SourceDate "2012.11.22"]
[SourceVersion "1"]
[SourceVersionDate "2012.11.22"]
[SourceQuality "1"]
[WhiteTeam "MegaSuper"]
[BlackTeam "Mapache"]
[WhiteTeamCountry "CRI"]
[BlackTeamCountry "CRI"]

1. d4 d6 2. e4 Nd7 3. Nf3 e5 4. Bc4 Be7 5. 0-0 c6 6. dxe5 dxe5 7. Ng5 Nh6 8. Ne6 fxe6 9. Bxh6 Nb6 10. Qh5+ Kf8 11. f4 Bc5+ 12. Kh1 Qe7 13. Bg5 Qd7 14. fxe5+ Kg8 15. Na3 g6 16. Qf3 h6 17. Rad1 1-0

[Event "CRI-chT"]
[Site "San Jose"]
[Date "2012.07.25"]
[Round "3.4"]
[White "Hernandez Basante, Francisco"]
[Black "Solano Lopez, Royner"]
[Result "1/2-1/2"]
[WhiteElo "2235"]
[BlackElo "2064"]
[PlyCount "36"]
[EventDate "2012.07.22"]
[EventType "team-tourn"]
[EventRounds "9"]
[EventCountry "CRI"]
[SourceTitle "EXT 2013"]
[Source "ChessBase"]
[SourceDate "2012.11.22"]
[SourceVersion "1"]
[SourceVersionDate "2012.11.22"]
[SourceQuality "1"]
[WhiteTeam "MegaSuper"]
[BlackTeam "Construterra"]
[WhiteTeamCountry "CRI"]
[BlackTeamCountry "CRI"]

1. d4 d5 2. Bg5 Nd7 3. Nf3 Ngf6 4. Nbd2 e6 5. e3 Be7 6. Bd3 0-0 7. 0-0 c5 8. c3 b6 9. Ne5 Bb7 10. f4 Re8 11. Qf3 Nf8 12. Qh3 Qd6 13. f5 exf5 14. Bf4 Qd8 15. Bb5 g6 16. Bxe8 Qxe8 17. g4 Bc8 18. g5 Nh5 1/2-1/2

[Event "CRI-ch"]
[Site "San Jose"]
[Date "2010.08.07"]
[Round "10"]
[White "Hernandez Basante, Francisco"]
[Black "Duran Vega, Andres"]
[Result "1-0"]
[WhiteElo "2215"]
[BlackElo "1993"]
[PlyCount "59"]
[EventDate "2010.07.26"]
[EventType "tourn"]
[EventRounds "13"]
[EventCountry "CRI"]
[SourceTitle "CBM 137 Extra"]
[Source "ChessBase"]
[SourceDate "2010.09.01"]
[SourceVersion "1"]
[SourceVersionDate "2010.09.01"]
[SourceQuality "1"]

1. e4 c5 2. d4 cxd4 3. c3 Nf6 4. Bd3 Nc6 5. Nf3 d6 6. cxd4 Bg4 7. Be3 g6 8. d5 Bxf3 9. gxf3 Ne5 10. Bb5+ Ned7 11. Nc3 a6 12. Be2 Bg7 13. h4 h5 14. f4 Qa5 15. f3 0-0 16. Qd2 Kh7 17. a3 b5 18. b4 Qc7 19. Rc1 Rac8 20. Kf2 Qb7 21. Bd3 Bh8 22. Rhg1 Rg8 23. Rg5 Bg7 24. e5 Nxd5 25. Nxd5 Rxc1 26. Nxe7 Bh6 27. Rxh5 Re8 28. Qxc1 Kg7 29. Nf5+ gxf5 30. Qg1+ 1-0

[Event "CRI-ch"]
[Site "San Jose"]
[Date "2010.08.05"]
[Round "9"]
[White "Duran Vega, Sergio"]
[Black "Hernandez Basante, Francisco"]
[Result "0-1"]
[WhiteElo "2156"]
[BlackElo "2215"]
[PlyCount "154"]
[EventDate "2010.07.26"]
[EventType "tourn"]
[EventRounds "13"]
[EventCountry "CRI"]
[SourceTitle "CBM 137 Extra"]
[Source "ChessBase"]
[SourceDate "2010.09.01"]
[SourceVersion "1"]
[SourceVersionDate "2010.09.01"]
[SourceQuality "1"]

1. e4 g6 2. d4 Bg7 3. c4 c5 4. Nf3 cxd4 5. Nxd4 Nc6 6. Be3 Nf6 7. Nc3 Qa5 8. Nb3 Qd8 9. Be2 0-0 10. 0-0 d6 11. f4 Bd7 12. Kh1 Qc8 13. Bf3 Bg4 14. Nd5 Bxf3 15. Qxf3 e6 16. Nc3 Nb4 17. e5 Nd7 18. exd6 Qxc4 19. Rac1 Nd3 20. Rc2 Nxb2 21. Rxb2 Qxc3 22. Rbb1 b6 23. Qe2 Qc6 24. Rbc1 Qa4 25. Rc7 Rfd8 26. f5 exf5 27. Bg5 Re8 28. Qf3 Rab8 29. Rfc1 h6 30. Be7 Be5 31. Qd5 Rxe7 32. dxe7 Bxc7 33. Rxc7 Nf6 34. Qe5 Kg7 35. h3 Re8 36. Nd4 Qa3 37. Nb5 Qxa2 38. Rc6 Kg8 39. Rxf6 Qb1+ 40. Kh2 Qe4 41. Qxe4 fxe4 42. Nxa7 Rxe7 43. Nc8 Re8 44. Nd6 e3 45. Rf1 Re6 46. Nb5 f5 47. Kg3 f4+ 48. Kf3 g5 49. Nd4 Rd6 50. Nf5 Re6 51. Nd4 Re5 52. Rb1 Rd5 53. Ke4 Rd6 54. Nf3 Re6+ 55. Kd3 Kf7 56. Nd4 Rf6 57. Nf3 Kg7 58. Ra1 Rd6+ 59. Ke4 b5 60. Rb1 b4 61. Rxb4 e2 62. Rb7+ Kf6 63. Ne1 Rd1 64. Rb6+ Kg7 65. Kf3 Rxe1 66. Kf2 Rg1 67. Kxe2 Rxg2+ 68. Kf1 f3 69. h4 g4 70. h5 g3 71. Rg6+ Kf7 72. Rg4 Ke6 73. Rg8 Kf5 74. Rg6 Kf4 75. Rxh6 Ra2 76. Rf6+ Kg4 77. Rg6+ Kh3 0-1

[Event "CRI-ch"]
[Site "San Jose"]
[Date "2010.08.04"]
[Round "8"]
[White "Hernandez Basante, Francisco"]
[Black "Alfaro Rojas, Alfonso Jose"]
[Result "1/2-1/2"]
[WhiteElo "2215"]
[BlackElo "2188"]
[PlyCount "115"]
[EventDate "2010.07.26"]
[EventType "tourn"]
[EventRounds "13"]
[EventCountry "CRI"]
[SourceTitle "CBM 137 Extra"]
[Source "ChessBase"]
[SourceDate "2010.09.01"]
[SourceVersion "1"]
[SourceVersionDate "2010.09.01"]
[SourceQuality "1"]

1. e4 c5 2. Nf3 Nc6 3. c3 d5 4. exd5 Qxd5 5. d4 e6 6. Be2 Nf6 7. 0-0 cxd4 8. cxd4 Be7 9. Nc3 Qd6 10. a3 0-0 11. h3 b6 12. Be3 Bb7 13. Rc1 Rac8 14. Qd2 Nd5 15. Bd3 Nxc3 16. Rxc3 e5 17. Be4 exd4 18. Nxd4 Nxd4 19. Rxc8 Bxc8 20. Qxd4 Qxd4 21. Bxd4 Rd8 22. Be5 Bc5 23. b4 Bf8 24. Rc1 Re8 25. f4 a5 26. Bc6 Rd8 27. Bc7 Rd2 28. bxa5 bxa5 29. Bxa5 Rd4 30. a4 Rxf4 31. Bb6 Ba6 32. a5 h5 33. Bf3 Bb4 34. Rd1 g5 35. Bxh5 Rf5 36. Bg4 Re5 37. Bc7 Re7 38. Bd6 Bxd6 39. Rxd6 Ra7 40. Rd5 f6 41. Kf2 Kf8 42. Ke3 Ke7 43. g3 Bc4 44. Rc5 Be6 45. Kf3 Kd6 46. Rb5 Bd5+ 47. Kf2 Rc7 48. Be2 Rc2 49. Rb6+ Ke5 50. Ke3 f5 51. Rb5 Ke6 52. Bd3 Ra2 53. Bxf5+ Ke5 54. Bd3 Ra3 55. Kd2 Ra2+ 56. Ke1 Kd4 57. a6 Bc6 58. Rb3 1/2-1/2

[Event "CRI-ch"]
[Site "San Jose"]
[Date "2010.08.01"]
[Round "6"]
[White "Hernandez Basante, Francisco"]
[Black "Carvajal Gorgona, Jonathan G"]
[Result "0-1"]
[WhiteElo "2215"]
[BlackElo "2186"]
[PlyCount "106"]
[EventDate "2010.07.26"]
[EventType "tourn"]
[EventRounds "13"]
[EventCountry "CRI"]
[SourceTitle "CBM 137 Extra"]
[Source "ChessBase"]
[SourceDate "2010.09.01"]
[SourceVersion "1"]
[SourceVersionDate "2010.09.01"]
[SourceQuality "1"]

1. e4 e6 2. d4 d5 3. exd5 exd5 4. Bd3 Nc6 5. c3 Bd6 6. Qf3 Nge7 7. Bg5 f6 8. Be3 Be6 9. h3 Qd7 10. Nd2 0-0-0 11. Ne2 Bf5 12. Bb5 h5 13. Bf4 Bg4 14. Qg3 Nf5 15. Qh2 Bxe2 16. Bxe2 Qe6 17. Kf1 g5 18. Bxd6 Nxd6 19. Qg3 Ne4 20. Qe3 Ne7 21. Re1 Nf5 22. Qd3 Nfd6 23. Kg1 Rhg8 24. Bd1 g4 25. Nxe4 Nxe4 26. h4 Qb6 27. Bb3 g3 28. fxg3 Rxg3 29. Re3 Rdg8 30. Rxg3 Rxg3 31. Qe2 Qd6 32. Qf1 Kd8 33. Bd1 Re3 34. Bxh5 Qg3 35. Rh3 Re1 36. Rxg3 Rxf1+ 37. Kh2 Rh1+ 38. Kxh1 Nxg3+ 39. Kh2 Nxh5 40. g4 Nf4 41. Kg3 Ne6 42. b3 b5 43. Kf3 Ke7 44. Ke3 Kf7 45. c4 c6 46. cxb5 cxb5 47. Kd3 b4 48. Ke3 Kg6 49. Kf3 Nxd4+ 50. Ke3 Ne6 51. Kd3 f5 52. h5+ Kg5 53. h6 fxg4 0-1

[Event "San Jose zt 2.3"]
[Site "San Jose"]
[Date "2009.06.21"]
[Round "6"]
[White "Hernandez Basante, Francisco"]
[Black "Sanchez Enriquez, Oscar Gerardo"]
[Result "0-1"]
[WhiteElo "2278"]
[BlackElo "2282"]
[PlyCount "130"]
[EventDate "2009.06.19"]
[EventType "tourn"]
[EventRounds "13"]
[EventCountry "CRI"]
[EventCategory "6"]
[SourceTitle "CBM 130 Extra"]
[Source "ChessBase"]
[SourceDate "2009.07.02"]
[SourceVersion "2"]
[SourceVersionDate "2009.07.15"]
[SourceQuality "1"]

1. d4 d5 2. Nc3 Nf6 3. Bg5 Nbd7 4. f3 c6 5. e4 dxe4 6. Nxe4 e6 7. Qd2 Be7 8. Bxf6 Nxf6 9. Nxf6+ Bxf6 10. 0-0-0 0-0 11. f4 c5 12. Nf3 b5 13. dxc5 Qc7 14. Qd6 Qa5 15. c6 Rd8 16. Qa3 Rxd1+ 17. Kxd1 Qb6 18. Qb4 Qxc6 19. Bd3 Bb7 20. Qxb5 Qc7 21. Qc4 Qb6 22. Qb3 Bxf3+ 23. gxf3 Qd6 24. Qb7 Rb8 25. Qxa7 Rxb2 26. Ke2 g6 27. h4 Qxf4 28. Qe3 Qg3 29. Qf2 Qxf2+ 30. Kxf2 h5 31. a4 Ra2 32. Bb5 Rxc2+ 33. Ke3 Rb2 34. Bc6 Rb3+ 35. Kf2 Ra3 36. Kg3 Be5+ 37. Kf2 Bf4 38. Re1 Ra2+ 39. Re2 Bg3+ 40. Kf1 Rxe2 41. Kxe2 Bxh4 42. a5 Bd8 43. a6 Bb6 44. Kf1 e5 45. Kg2 Kg7 46. Kg3 f5 47. f4 exf4+ 48. Kxf4 Kf6 49. Be8 g5+ 50. Kg3 h4+ 51. Kh3 Ke5 52. Bd7 Kf4 53. Bc8 Ke4 54. Bd7 Ba7 55. Bc8 Kf4 56. Bd7 Ke5 57. Bc8 Kf6 58. Bd7 Bb6 59. Bc8 Kg6 60. Bd7 g4+ 61. Kg2 Kg5 62. Bc8 h3+ 63. Kh2 Bc7+ 64. Kh1 Bb8 65. Bd7 g3 0-1

[Event "Olympiad-38"]
[Site "Dresden"]
[Date "2008.11.19"]
[Round "6"]
[White "Andreasen, Joan Hendrik"]
[Black "Hernandez Basante, Francisco"]
[Result "1/2-1/2"]
[WhiteElo "2179"]
[BlackElo "2247"]
[PlyCount "68"]
[EventDate "2008.11.13"]
[EventType "team-swiss"]
[EventRounds "11"]
[EventCountry "GER"]
[SourceTitle "CBM 128"]
[Source "ChessBase"]
[SourceDate "2009.01.28"]
[SourceVersion "1"]
[SourceVersionDate "2009.01.28"]
[SourceQuality "1"]
[WhiteTeam "Faroe Islands"]
[BlackTeam "Costa Rica"]
[WhiteTeamCountry "FAI"]
[BlackTeamCountry "CRI"]

1. d4 Nf6 2. c4 c5 3. d5 b5 4. cxb5 a6 5. b6 a5 6. Nc3 Ba6 7. Nf3 Qxb6 8. g3 d6 9. Bg2 g6 10. b3 Bg7 11. Bb2 0-0 12. 0-0 Nbd7 13. h3 Rfb8 14. Rb1 Qc7 15. Qc2 Nb6 16. Rfd1 Nfd7 17. Rbc1 Nc8 18. Na4 Bxb2 19. Nxb2 Qd8 20. e4 Qf8 21. h4 Qg7 22. Re1 Ncb6 23. Re3 a4 24. Rce1 axb3 25. axb3 Bb5 26. Nd1 c4 27. bxc4 Nxc4 28. Rb3 Ba6 29. Rxb8+ Rxb8 30. Qa4 Nc5 31. Qa2 Ne5 32. Nxe5 Qxe5 33. Qd2 Nd3 34. Re3 Nb2 1/2-1/2

[Event "Olympiad-38"]
[Site "Dresden"]
[Date "2008.11.15"]
[Round "3"]
[White "Hernandez Basante, Francisco"]
[Black "Hamal, Manish"]
[Result "1-0"]
[WhiteElo "2247"]
[BlackElo "2028"]
[PlyCount "87"]
[EventDate "2008.11.13"]
[EventType "team-swiss"]
[EventRounds "11"]
[EventCountry "GER"]
[SourceTitle "CBM 128"]
[Source "ChessBase"]
[SourceDate "2009.01.28"]
[SourceVersion "1"]
[SourceVersionDate "2009.01.28"]
[SourceQuality "1"]
[WhiteTeam "Costa Rica"]
[BlackTeam "Nepal"]
[WhiteTeamCountry "CRI"]
[BlackTeamCountry "NEP"]

1. d4 Nf6 2. Bg5 e6 3. e4 Be7 4. Bd3 c5 5. dxc5 Qa5+ 6. Nc3 Qxc5 7. Nf3 Ng4 8. Qd2 Bxg5 9. Nxg5 Nxf2 10. Rf1 Nxd3+ 11. cxd3 f6 12. Nf3 0-0 13. d4 Qa5 14. 0-0-0 b5 15. Kb1 Ba6 16. Rg1 b4 17. Ne2 Bxe2 18. Qxe2 b3 19. a3 Nc6 20. d5 Ne5 21. g4 Rac8 22. Nd4 Qb6 23. Rg3 Rc4 24. Rxb3 Qa6 25. Ka2 Qa4 26. Qd2 Re8 27. Ne2 Rc7 28. Rb4 Qc2 29. h3 a5 30. Rb6 Qxe4 31. Nc3 Qf3 32. dxe6 dxe6 33. Rxe6 Rxe6 34. Qd8+ Kf7 35. Qxc7+ Re7 36. Qxa5 Qxh3 37. g5 Qe6+ 38. Ka1 fxg5 39. Ne4 Kg6 40. Rd6 Qxd6 41. Nxd6 h5 42. Qd5 h4 43. Qe4+ Kh5 44. Nf5 1-0

[Event "CRI-ch Phase2 72nd"]
[Site "San Jose"]
[Date "2008.08.25"]
[Round "3"]
[White "Hernandez Basante, Francisco"]
[Black "Vargas Serano, Pablo"]
[Result "1/2-1/2"]
[WhiteElo "2254"]
[BlackElo "1829"]
[PlyCount "49"]
[EventDate "2008.08.23"]
[EventType "tourn"]
[EventRounds "9"]
[EventCountry "CRI"]
[SourceTitle "CBM 126 Extra"]
[Source "ChessBase"]
[SourceDate "2008.11.05"]
[SourceVersion "1"]
[SourceVersionDate "2008.11.05"]
[SourceQuality "1"]

1. d4 d5 2. Bg5 f5 3. c4 c6 4. cxd5 cxd5 5. Nc3 Qa5 6. e3 e6 7. a3 Bd7 8. b4 Qb6 9. Na4 Qc6 10. b5 Qc7 11. Qd2 Be7 12. Bf4 Qd8 13. Rc1 Kf7 14. Nf3 Nf6 15. Bd3 Rf8 16. Nc5 Bxc5 17. dxc5 Kg8 18. Bd6 Re8 19. Ne5 a6 20. b6 Nc6 21. 0-0 Nxe5 22. Bxe5 Bc6 23. Qb2 Qe7 24. f4 Nd7 25. Bd4 1/2-1/2

[Event "CRI-ch Phase2 72nd"]
[Site "San Jose"]
[Date "2008.08.23"]
[Round "1"]
[White "Alfaro Rojas, Alfonso Jose"]
[Black "Hernandez Basante, Francisco"]
[Result "0-1"]
[WhiteElo "2181"]
[BlackElo "2254"]
[PlyCount "72"]
[EventDate "2008.08.23"]
[EventType "tourn"]
[EventRounds "9"]
[EventCountry "CRI"]
[SourceTitle "CBM 126 Extra"]
[Source "ChessBase"]
[SourceDate "2008.11.05"]
[SourceVersion "1"]
[SourceVersionDate "2008.11.05"]
[SourceQuality "1"]

1. e4 e6 2. d4 d5 3. Nc3 Bb4 4. e5 c5 5. a3 Bxc3+ 6. bxc3 Qa5 7. Bd2 Qa4 8. Qb1 c4 9. h4 Nc6 10. g3 Nge7 11. Ne2 Bd7 12. Bh3 0-0-0 13. 0-0 h6 14. Nf4 g5 15. Nh5 gxh4 16. g4 Rdg8 17. Kh2 Qa5 18. f4 Nxd4 19. Nf6 Rd8 20. Qb4 Qxb4 21. axb4 Nb5 22. f5 Nc6 23. Nxd7 Kxd7 24. fxe6+ fxe6 25. Rf6 Rdf8 26. Raf1 Rxf6 27. Rxf6 Nxe5 28. g5 hxg5 29. Rxe6 Nf3+ 30. Kg2 Nxd2 31. Rh6+ Kc7 32. Rxh8 Nxc3 33. Rh7+ Kc6 34. Bd7+ Kd6 35. Bc8 b6 36. Kf2 a5 0-1

[Event "Alajuela op 2nd"]
[Site "Alajuela"]
[Date "2006.07.14"]
[Round "5"]
[White "Arroyo, Luis"]
[Black "Hernandez Basante, Francisco"]
[Result "0-1"]
[WhiteElo "2053"]
[BlackElo "2278"]
[PlyCount "50"]
[EventDate "2006.07.12"]
[EventType "swiss"]
[EventRounds "9"]
[EventCountry "CRI"]
[SourceTitle "CBM 113 Extra"]
[Source "ChessBase"]
[SourceDate "2006.09.14"]
[SourceVersion "1"]
[SourceVersionDate "2006.09.14"]
[SourceQuality "1"]

1. e4 c5 2. Nf3 Nc6 3. d4 cxd4 4. Nxd4 g6 5. Be3 Nf6 6. Nc3 d6 7. Be2 Bg7 8. f3 0-0 9. Qd2 d5 10. exd5 Nxd5 11. Nxd5 Qxd5 12. Nxc6 Qxc6 13. c3 Bf5 14. Rd1 Qa4 15. b3 Qa5 16. b4 Qa3 17. Bd4 Rfd8 18. f4 Bxd4 19. cxd4 Rac8 20. 0-0 Rc2 21. Qe1 Qe3+ 22. Rf2 Rxd4 23. Rxd4 Qxd4 24. a3 Qe3 25. Kf1 Rc1 0-1

[Event "Alajuela op 2nd"]
[Site "Alajuela"]
[Date "2006.07.13"]
[Round "4"]
[White "Hernandez Basante, Francisco"]
[Black "Ceballos Hornero, Daniel"]
[Result "1/2-1/2"]
[WhiteElo "2278"]
[BlackElo "2178"]
[PlyCount "35"]
[EventDate "2006.07.12"]
[EventType "swiss"]
[EventRounds "9"]
[EventCountry "CRI"]
[SourceTitle "CBM 113 Extra"]
[Source "ChessBase"]
[SourceDate "2006.09.14"]
[SourceVersion "1"]
[SourceVersionDate "2006.09.14"]
[SourceQuality "1"]

1. d4 Nf6 2. Bg5 d5 3. e3 c6 4. Bd3 Nbd7 5. f4 Qb6 6. Qc1 Ne4 7. Nf3 Ndf6 8. Nbd2 Nxg5 9. fxg5 Ng4 10. 0-0 e5 11. Nb3 e4 12. h3 exd3 13. hxg4 dxc2 14. Ne5 Be6 15. Qxc2 Bd6 16. Qf2 0-0 17. Qh4 Bxe5 18. Rf3 1/2-1/2

[Event "Olympiad-37"]
[Site "Turin"]
[Date "2006.05.28"]
[Round "7"]
[White "Hernandez Basante, Francisco"]
[Black "Piscopo, Pierluigi"]
[Result "1/2-1/2"]
[WhiteElo "2302"]
[BlackElo "2399"]
[PlyCount "47"]
[EventDate "2006.05.21"]
[EventType "team-swiss"]
[EventRounds "13"]
[EventCountry "ITA"]
[SourceTitle "CBM 113"]
[Source "ChessBase"]
[SourceDate "2006.07.31"]
[SourceVersion "1"]
[SourceVersionDate "2006.07.31"]
[SourceQuality "1"]
[WhiteTeam "Costa Rica"]
[BlackTeam "Italy III"]
[WhiteTeamCountry "CRI"]
[BlackTeamCountry "ITA"]

1. d4 d5 2. Bg5 h6 3. Bh4 c6 4. Nc3 Qb6 5. Rb1 Nf6 6. e3 Bf5 7. Bd3 Bxd3 8. Qxd3 Nbd7 9. Nf3 e6 10. 0-0 Bd6 11. e4 dxe4 12. Nxe4 Nxe4 13. Qxe4 Qa5 14. a3 Qd5 15. Qd3 0-0 16. c4 Qh5 17. Bg3 Bxg3 18. hxg3 Rfd8 19. Qb3 b5 20. Rfe1 bxc4 21. Qxc4 Qb5 22. Rec1 Rac8 23. b4 Nb6 24. Qc5 1/2-1/2

[Event "Guayaquil zt 2.3"]
[Site "Guayaquil"]
[Date "2005.09.11"]
[Round "9"]
[White "Arencibia Rodriguez, Walter"]
[Black "Hernandez Basante, Francisco"]
[Result "1-0"]
[WhiteElo "2527"]
[BlackElo "2265"]
[PlyCount "80"]
[EventDate "2005.09.05"]
[EventType "tourn"]
[EventRounds "11"]
[EventCountry "ECU"]
[EventCategory "6"]
[SourceTitle "EXT 2006"]
[Source "ChessBase"]
[SourceDate "2005.11.24"]
[SourceVersion "1"]
[SourceVersionDate "2005.11.24"]
[SourceQuality "1"]

1. Nf3 e6 2. c4 d5 3. d4 Nf6 4. Nc3 Bb4 5. Bg5 h6 6. Bxf6 Qxf6 7. Qb3 Nc6 8. e3 dxc4 9. Bxc4 0-0 10. 0-0 Bd6 11. Bb5 Bd7 12. Rac1 Qg6 13. Rfd1 Qh5 14. Be2 Qa5 15. Nd2 Rab8 16. Nc4 Qg5 17. Nxd6 cxd6 18. d5 Nd8 19. Qa3 exd5 20. Rxd5 Qe7 21. Qxd6 Qxd6 22. Rxd6 Bc6 23. Bc4 Re8 24. b4 Rc8 25. Ne2 Ne6 26. Bb3 Kf8 27. Nf4 Ke7 28. Rcd1 Rc7 29. f3 g5 30. Nh5 Rh8 31. e4 Rd7 32. e5 Nf4 33. Ng3 Ng6 34. Kf2 Rhd8 35. Rxd7+ Rxd7 36. Rxd7+ Bxd7 37. Ke3 f6 38. exf6+ Kxf6 39. Ke4 b6 40. Kd5 Ke7 1-0

[Event "Guayaquil zt 2.3"]
[Site "Guayaquil"]
[Date "2005.09.08"]
[Round "5"]
[White "Mosquera Klinger, Miguel Alonso"]
[Black "Hernandez Basante, Francisco"]
[Result "1-0"]
[WhiteElo "2442"]
[BlackElo "2265"]
[PlyCount "85"]
[EventDate "2005.09.05"]
[EventType "tourn"]
[EventRounds "11"]
[EventCountry "ECU"]
[EventCategory "6"]
[SourceTitle "EXT 2006"]
[Source "ChessBase"]
[SourceDate "2005.11.24"]
[SourceVersion "1"]
[SourceVersionDate "2005.11.24"]
[SourceQuality "1"]

1. d4 d5 2. c4 e6 3. Nc3 Nf6 4. Nf3 dxc4 5. e3 a6 6. a4 c5 7. Bxc4 cxd4 8. exd4 Nc6 9. 0-0 Be7 10. Be3 Nb4 11. Ne5 0-0 12. Qf3 Nfd5 13. Rac1 f6 14. Nd3 Nb6 15. Nxb4 Nxc4 16. Nd3 Nb6 17. Rfe1 Bd7 18. Qxb7 Nxa4 19. Nxa4 Bxa4 20. Nf4 Bd7 21. d5 e5 22. Ne6 Bxe6 23. dxe6 Re8 24. f4 Rb8 25. Qxa6 Rxb2 26. Red1 Qb8 27. f5 g6 28. Rd7 Qb3 29. Qa7 Ra2 30. Rxe7 Rxa7 31. Rxe8+ Kg7 32. Bxa7 Qa3 33. Rc7+ Kh6 34. Rec8 Qa1+ 35. Kf2 Qa2+ 36. Kf3 gxf5 37. e7 e4+ 38. Kf4 Qd2+ 39. Kxf5 Qd5+ 40. Kf4 Qa2 41. Kxe4 f5+ 42. Kxf5 Qd5+ 43. Kf4 1-0

[Event "CRI-ch 68th"]
[Site "San Jose"]
[Date "2005.07.06"]
[Round "4"]
[White "Hernandez Basante, Francisco"]
[Black "Arias Formoso, Rodolfo"]
[Result "1/2-1/2"]
[WhiteElo "2265"]
[BlackElo "2173"]
[PlyCount "38"]
[EventDate "2005.07.02"]
[EventType "tourn"]
[EventRounds "13"]
[EventCountry "CRI"]
[SourceTitle "CBM 107 Extra"]
[Source "ChessBase"]
[SourceDate "2005.09.01"]
[SourceVersion "1"]
[SourceVersionDate "2005.09.01"]
[SourceQuality "1"]

1. d4 d5 2. Bg5 h6 3. Bh4 c6 4. e3 Bf5 5. Nf3 Nd7 6. Bd3 Bxd3 7. Qxd3 Ngf6 8. 0-0 e6 9. c4 Be7 10. Nc3 0-0 11. c5 b6 12. b4 Re8 13. h3 bxc5 14. bxc5 e5 15. Qa6 Ne4 16. Bxe7 Qxe7 17. Na4 exd4 18. exd4 Qf6 19. Rab1 Nf8 1/2-1/2

[Event "El Sauzal op 5th"]
[Site "El Sauzal"]
[Date "2004.11.06"]
[Round "3"]
[White "Lalic, Bogdan"]
[Black "Hernandez Basante, Francisco"]
[Result "1-0"]
[WhiteElo "2515"]
[BlackElo "2283"]
[PlyCount "43"]
[EventDate "2004.11.06"]
[EventType "swiss (rapid)"]
[EventRounds "9"]
[EventCountry "ESP"]
[SourceTitle "CBM 103 Extra"]
[Source "ChessBase"]
[SourceDate "2005.01.01"]
[SourceVersion "1"]
[SourceVersionDate "2005.01.01"]
[SourceQuality "1"]

1. d4 d5 2. c4 Nc6 3. Nc3 dxc4 4. Nf3 Bg4 5. d5 Bxf3 6. exf3 Ne5 7. Bf4 Ng6 8. Bg3 f5 9. f4 Qd6 10. Bxc4 0-0-0 11. 0-0 h5 12. h3 h4 13. Bh2 Kb8 14. Qc2 Nxf4 15. Nb5 Qh6 16. Bd3 Rd7 17. Bxf5 a6 18. Bxd7 axb5 19. a4 b4 20. a5 Nf6 21. a6 Nxd7 22. a7+ 1-0

[Event "Olympiad-36"]
[Site "Mallorca"]
[Date "2004.10.28"]
[Round "13"]
[White "Rees, Ioan"]
[Black "Hernandez Basante, Francisco"]
[Result "1-0"]
[WhiteElo "2201"]
[BlackElo "2283"]
[PlyCount "109"]
[EventDate "2004.10.15"]
[EventType "team-swiss"]
[EventRounds "14"]
[EventCountry "ESP"]
[SourceTitle "CBM 104"]
[Source "ChessBase"]
[SourceDate "2005.01.27"]
[SourceVersion "1"]
[SourceVersionDate "2005.01.27"]
[SourceQuality "1"]
[WhiteTeam "Wales"]
[BlackTeam "Costa Rica"]
[WhiteTeamCountry "WLS"]
[BlackTeamCountry "CRI"]

1. d4 d5 2. Nf3 Nc6 3. c4 e5 4. Nxe5 Nxe5 5. dxe5 d4 6. g3 Be6 7. Bg2 c6 8. Nd2 Qd7 9. 0-0 h5 10. Nf3 0-0-0 11. Qa4 Kb8 12. Rd1 c5 13. Qxd7 Rxd7 14. b3 g6 15. e3 d3 16. Ne1 Bg7 17. Bb2 d2 18. Nf3 Nh6 19. Rxd2 Rxd2 20. Nxd2 Ng4 21. Nf3 Rd8 22. Kf1 Bf5 23. h3 Nh6 24. Ke1 Be4 25. Rd1 Re8 26. Ke2 Kc7 27. Rd2 Nf5 28. Kf1 Bxf3 29. Bxf3 Bxe5 30. Bxe5+ Rxe5 31. Rd5 Rxd5 32. Bxd5 f6 33. Ke2 b6 34. Be4 Ne7 35. h4 Kd6 36. f3 Ke5 37. Bc2 Ke6 38. g4 f5 39. gxh5 gxh5 40. Kf2 Ke5 41. Kg3 Ng6 42. f4+ Kf6 43. Bd1 Ne7 44. Bxh5 Nc6 45. Bd1 Nb4 46. a3 Na2 47. Kf3 a5 48. Bc2 Nc3 49. a4 Na2 50. e4 Nb4 51. Bb1 Nc6 52. exf5 Nd4+ 53. Ke4 Nxb3 54. Kd5 Nd2 55. Bd3 1-0